Conectados : (Registro nro. 11228)

Detalles MARC
000 -LIDER
fixed length control field 01142nam a22003377a 4500
001 - NÚMERO DE CONTROL
Identificador de número de control 000446
003 - IDENTIFICACDOR DE NÚMERO DE CONTROL
control field DO-SdBNP
005 - DATE AND TIME OF LATEST TRANSACTION
control field 20171108132546.0
007 - CAMPOS FIJOS DE DESCRIPCIÓN FÍSICA
fixed length control field 000446
008 - ELEMENTOS DE LONGITUD FIJA
fixed length control field 160830b 2010 sp ||||| |||| 00| 0 spa d
020 ## - ISBN
International Standard Book Number 9788430606887
040 ## - FUENTE DE CATALOGACIÓN
Agencia que crea de manera original el registro BPMSU
Idioma de catalogación spa
Agencia que realiza la transcripción BPMSU
041 17 - CÓDIGOS DE OBRAS TRADUCIDAS O EN VARIOS IDIOMAS
Código del idioma del texto/archivo de sonido o separata spa
Código del idioma del libreto
082 #4 - NÚMERO DE CLASIFICACIÓN DECIMAL DE DEWEY
Classification number 302.3
Item number C554c
100 1# - ASIENTO PRINCIPAL -- NOMBRE PERSONAL
Nombre personal Christakis, Nicholas A.
240 10 - TITULO UNIFORME
Título uniforme Connected.
Idioma de una obra Español.
245 10 - MENCIÓN DE TITULO
Título Conectados :
Subtítulo el sorprendente poder de las redes sociales y cómo nos afectan /
Mención de responsabilidad Nicholas A. Christakis y James H. Fowler ; traducción de Amado Diéguez, Laura Vidal y Eduardo Schmid.
260 ## - PUBLICACIÓN, DISTRIBUCIÓN, ETC. (PIE DE IMPRENTA)
Lugar de publicación, distribución, etc Madrid :
Nombre del editor, distribuidor, etc. Taurus,
Fecha de publicación, distribución, etc 2010.
300 ## - DESCRIPCIÓN FÍSICA
Extensión 354 p., [8] p. :
Otros detalles físicos il. ;
Dimensiones 24 cm.
490 1# - MENCIÓN DE SERIES
Mención de serie Pensamiento
500 ## - NOTA GENERAL
Nota general Incluye datos de los autores en la solapa de la cubierta.
700 12 - ASIENTO SECUNDARIO -- NOMBRE PERSONAL
Nombre personal Fowler, James H.
700 12 - ASIENTO SECUNDARIO -- NOMBRE PERSONAL
Nombre personal Diéguez, Amado,
Mención de responsabilidad tr.
700 12 - ASIENTO SECUNDARIO -- NOMBRE PERSONAL
Nombre personal Vida, Laura,
Mención de responsabilidad tr.
700 12 - ASIENTO SECUNDARIO -- NOMBRE PERSONAL
Nombre personal Schmid, Eduardo,
Mención de responsabilidad tr.
830 #0 - ASIENTO SECUNDARIO DE SERIE--TÍTULO UNIFORME
Título uniforme Pensamiento
910 ## - VALIDACIÓN
Validación Validado. Control de calidad MFF
942 ## - ADDED ENTRY ELEMENTS (KOHA)
Source of classification or shelving scheme Dewey Decimal Classification
Koha item type Libros
945 ## - INFORMACIÓN DE PROCESAMIENTO LOCAL
Información de procesamiento local Inventariado extranjero / 2017 VM
956 ## - LOCAL ELECTRONIC LOCATION AND ACCESS (OCLC)
Método de acceso LOPEREZ
Materiales especificados 10
Enlace 20160830
Campo enlazado y núm. de secuencia BPMSU
Nombre de host 00041
Existencias
Withdrawn status Lost status Source of classification or shelving scheme Damaged status Not for loan Collection code Home library Current library Date acquired Source of acquisition Total Checkouts Full call number Barcode Date last seen Price effective from Koha item type Copy number
    Dewey Decimal Classification     Colección General Biblioteca Pública Metropolitana Salomé Ureña Biblioteca Pública Metropolitana Salomé Ureña 08/30/2016 Alfaguara   302.3 C554c BPMSU16080286 08/30/2016 08/30/2016 Libros  
    Dewey Decimal Classification     Colección General Biblioteca Pública Metropolitana Salomé Ureña Biblioteca Pública Metropolitana Salomé Ureña 08/30/2016 Alfaguara   302.3 C554c BPMSU16080287 08/30/2016 08/30/2016 Libros e. 2
    Dewey Decimal Classification     Colección General Biblioteca Pública Metropolitana Salomé Ureña Biblioteca Pública Metropolitana Salomé Ureña 08/30/2016 Alfaguara   302.3 C554c BPMSU16080288 08/30/2016 08/30/2016 Libros e. 3